LEADER 04016nam 2201261Ia 450 001 9910954951203321 005 20251009142644.0 010 $a979-82-16-23913-0 010 $a979-82-16-41563-3 010 $a1-282-52191-8 010 $a9786612521911 010 $a0-8108-7378-8 024 7 $a10.5040/9798216415633 035 $a(CKB)2670000000014093 035 $a(EBL)500933 035 $a(OCoLC)609860214 035 $a(SSID)ssj0000361115 035 $a(PQKBManifestationID)12089931 035 $a(PQKBTitleCode)TC0000361115 035 $a(PQKBWorkID)10348563 035 $a(PQKB)10758686 035 $a(Au-PeEL)EBL500933 035 $a(CaPaEBR)ebr10386518 035 $a(CaONFJC)MIL252191 035 $a(MiAaPQ)EBC500933 035 $a(OCoLC)1249710083$z(OCoLC)647927993$z(OCoLC)651925810$z(OCoLC)659559197$z(OCoLC)1058563030$z(OCoLC)1061025813$z(OCoLC)1081209830$z(OCoLC)1110312988 035 $a(UkLoBP)BP9798216415633BC 035 $a(EXLCZ)992670000000014093 100 $a20091007d2010 uy 0 101 0 $aeng 135 $aur|n|---||||| 181 $ctxt 182 $cc 183 $acr 200 10$aHistorical dictionary of film noir /$fAndrew Spicer 205 $a1st ed. 210 $aLanham $cScarecrow Press$d2010 210 2$aNew York :$cBloomsbury Publishing(US),$d2010. 215 $a1 online resource (533 p.) 225 1 $aHistorical dictionaries of literature and the arts ;$vno. 38 300 $aDescription based upon print version of record. 311 08$a0-8108-5960-2 320 $aIncludes bibliographical references (p. 336-400). 327 $aContents; Editor's Foreword; Preface; Acknowledgments; Reader's Note; Chronology; Introduction; The Dictionary; Bibliography; Filmography; About the Author 330 $aThe Historical Dictionary of Film Noir is a comprehensive guide that ranges from 1940 to present day neo-noir. It consists of a chronology, an introductory essay, a bibliography, a filmography, and over 400 cross-referenced dictionary entries on every aspect of film noir and neo-noir, including key films, personnel (actors, cinematographers, composers, directors, producers, set designers, and writers), themes, issues, influences, visual style, cycles of films (e.g. amnesiac noirs), the representation of the city and gender, other forms (comics/graphic novels, television, and videogames), and n 410 0$aHistorical dictionaries of literature and the arts ;$vno. 38. 606 $aFilm noir$vDictionaries 606 $aPERFORMING ARTS$xFilm & Video$xReference$2bisacsh 606 $aFilm noir$2fast$3(OCoLC)fst00924273 608 $aDictionaries.$2fast 615 0$aFilm noir 615 7$aPERFORMING ARTS$xFilm & Video$xReference. 615 7$aFilm noir. 676 $a791.43/6556 700 $aSpicer$b Andrew$f1953-$01605677 712 02$aBloomsbury (Firm), 801 0$bDLC 801 1$bDLC 801 2$bN$T 801 2$bIDEBK 801 2$bYDXCP 801 2$bOCLCF 801 2$bE7B 801 2$bCDX 801 2$bMERUC 801 2$bPUBRW 801 2$bPIFAG 801 2$bOTZ 801 2$bCHVBK 801 2$bWY@ 801 2$bSNK 801 2$bDKU 801 2$bAUW 801 2$bINTCL 801 2$bLUE 801 2$bIGB 801 2$bD6H 801 2$bUAB 801 2$bVTS 801 2$bAGLDB 801 2$bCOCUF 801 2$bSTF 801 2$bLOA 801 2$bU3W 801 2$bAU@ 801 2$bVT2 801 2$bXC$ 801 2$bG3B 801 2$bLVT 801 2$bYOU 801 2$bS8J 801 2$bS9I 801 2$bM8D 801 2$bUWK 801 2$bAJS 801 2$bOCLCO 801 2$bANO 801 2$bOCLCQ 801 2$bOCLCO 801 2$bOCLCL 801 2$bOCLCA 801 2$bOCLCL 801 2$bUtOrBLW 906 $aBOOK 912 $a9910954951203321 996 $aHistorical dictionary of film noir$94453131 997 $aUNINA 999 $cEBook